Agua: bien común y usos privado. Riego, estado y conflictos en la achirana del inca
Tallennettuna:
| Päätekijä: | |
|---|---|
| Aineistotyyppi: | Kirja |
| Kieli: | espanja |
| Julkaistu: |
Lima
Pontificia Universidad del Perú
2005
|
| Aiheet: | |
| Tagit: |
Lisää tagi
Ei tageja, Lisää ensimmäinen tagi!
|
MARC
| LEADER | 00000nam a2200000 a 4500 | ||
|---|---|---|---|
| 001 | UCJ0053 | ||
| 003 | CL-VaPUC | ||
| 008 | 060623e20050000PE |||||||||||||||||spa|d | ||
| 020 | |a 9972427331 | ||
| 082 | 0 | 4 | |a 631.58785 |b ORE |2 21 |
| 100 | |a Oré Vélez, María Teresa |e autora |9 565028 | ||
| 245 | 1 | 0 | |a Agua: bien común y usos privado. Riego, estado y conflictos en la achirana del inca |
| 300 | |a 246 p | ||
| 942 | |c BK | ||
| 945 | |d 20060623 00:00:00 |a jtorresc | ||
| 260 | |a Lima |b Pontificia Universidad del Perú |c 2005 | ||
| 650 | 7 | |a RIEGO - AGRICULTURA |2 CL-VaPUC |9 500108 | |
| 650 | 7 | |a UTILIZACION DEL AGUA |2 CL-VaPUC |9 332319 | |
| 650 | 0 | |a Agua de riego |9 260487 | |
| 650 | 7 | |a DERECHO DEL AGUA |2 CL-VaPUC |9 255375 | |
| 650 | 0 | |a Sistemas de riego |9 362150 | |
| 651 | 0 | |a Perú |9 256567 | |
| 583 | |a last modification |c 20130305 01:01:19 |k Rodrigo Vera | ||
| 999 | |c 317040 |d 317038 | ||
| 952 | |0 0 |1 0 |4 0 |6 631_587850000000000_ORE_2005 |7 0 |8 A |9 392756 |a BIBAGR |b BIBAGR |d 2019-11-22 |i 4242238 |o 631.58785 ORE 2005 |p 4242238 |r 2025-01-20 |w 2019-11-22 |y BK |k AGR | ||
| 952 | |0 0 |1 0 |4 0 |6 631_587850000000000_ORE_2005 |7 0 |8 A |9 392757 |a BIBARQ |b BIBARQ |d 2019-11-22 |i 4686667 |o 631.58785 ORE 2005 |p 4686667 |r 2025-01-20 |w 2019-11-22 |y BK |k ARQ | ||